[Event "Olimpiada de Khanty-Mansiysk 2010"]
[Site "Khanty-Mansiysk RUS"]
[Date "2010.10.01"]
[Round "10"]
[White "Lee, Sanghoon"]
[Black "Nepali, Badrilal"]
[Result "1/2-1/2"]
[WhiteElo "2146"]
[BlackElo "2135"]
[PlyCount "163"]
[EventDate "2010.09.21"]
[EventType "team"]
[EventRounds "11"]
[EventCountry "RUS"]
[Source "lmi"]
[SourceDate "2010.09.21"]
[WhiteTeam "Corea"]
[BlackTeam "Nepal"]
[WhiteTeamCountry "KOR"]
[BlackTeamCountry "NEP"]

1. Nf3 Nf6 2. c4 c5 3. d4 e6 4. a3 cxd4 5. Nxd4 a6 6. Nc3 Nc6 7. e4 Qc7 8. Be3
d6 9. Be2 Be7 10. O-O O-O 11. Rc1 Bd7 12. b4 b6 13. g4 Nxd4 14. Qxd4 Bc6 15. g5
Nd7 16. Nd5 Bxd5 17. cxd5 Qd8 18. dxe6 fxe6 19. f4 e5 20. Qd5+ Kh8 21. h4 exf4
22. Bxf4 Ne5 23. Bxe5 dxe5 24. Qxd8 Rfxd8 25. Rc7 Bf8 26. Rff7 a5 27. h5 Rac8
28. Ra7 Ra8 29. bxa5 bxa5 30. Rxa8 Rxa8 31. a4 Bc5+ 32. Kg2 Rf8 33. Rc7 Bd4 34.
Bc4 g6 35. hxg6 hxg6 36. Bf7 Be3 37. Bxg6 Bxg5 38. Kg3 Be3 39. Kg4 Rf4+ 40. Kh5
Rf6 41. Re7 Bf4 42. Rb7 Bd2 43. Rb5 Kg7 44. Rd5 Bc3 45. Rc5 Bb4 46. Rc7+ Kf8
47. Rb7 Rf3 48. Bf5 Rg3 49. Rb5 Bc3 50. Rc5 Ke7 51. Kh4 Rd3 52. Kg5 Bd2+ 53.
Kg6 Rg3+ 54. Kh5 Bc3 55. Bg4 Kf6 56. Rc6+ Kf7 57. Kg5 Ke7 58. Kf5 Kd7 59. Rc5
Kd6 60. Rd5+ Kc6 61. Be2 Kb6 62. Bb5 Rf3+ 63. Ke6 Re3 64. Rd6+ Kc5 65. Rc6+ Kb4
66. Rc4+ Kb3 67. Rxc3+ Kxc3 68. Kxe5 Kb4 69. Kd5 Re1 70. e5 Rd1+ 71. Kc6 Re1
72. Kd6 Rd1+ 73. Ke7 Kc5 74. e6 Re1 75. Kd7 Rd1+ 76. Kc7 Re1 77. Bd7 Re4 78.
Kb7 Kd6 79. Kb6 Re5 80. Bc8 Rh5 81. Bd7 Re5 82. Bc8 1/2-1/2

[Event "Olimpiada de Khanty-Mansiysk 2010"]
[Site "Khanty-Mansiysk RUS"]
[Date "2010.10.01"]
[Round "10"]
[White "Chogdov, Munkhbat"]
[Black "Malakar, Prachand Man"]
[Result "1-0"]
[WhiteElo "2236"]
[BlackElo "1959"]
[PlyCount "75"]
[EventDate "2010.09.21"]
[EventType "team"]
[EventRounds "11"]
[EventCountry "RUS"]
[Source "lmi"]
[SourceDate "2010.09.21"]
[WhiteTeam "Corea"]
[BlackTeam "Nepal"]
[WhiteTeamCountry "KOR"]
[BlackTeamCountry "NEP"]

1. c4 e5 2. Nc3 Nf6 3. g3 Bc5 4. Bg2 c6 5. e3 O-O 6. Nge2 d5 7. cxd5 cxd5 8. d4
exd4 9. exd4 Bb4 10. O-O h6 11. Qb3 Bxc3 12. bxc3 Nc6 13. Nf4 Na5 14. Qb4 Bf5
15. Re1 b6 16. Ba3 Qd7 17. Re7 Qd8 18. Qa4 Ne4 19. Re5 Bd7 20. Qc2 Re8 21.
Rxe8+ Bxe8 22. Nxd5 f5 23. Ne7+ Kh8 24. Nxf5 Nf6 25. Be7 Qc8 26. Bxa8 Qxa8 27.
Bxf6 gxf6 28. Qe2 Bg6 29. Nxh6 Kg7 30. Ng4 Qc6 31. Re1 Bf5 32. h3 Nc4 33. Qe7+
Kg6 34. Qe8+ Qxe8 35. Rxe8 a5 36. Ne3 Nd6 37. Rg8+ Kh7 38. Nxf5 1-0

[Event "Olimpiada de Khanty-Mansiysk 2010"]
[Site "Khanty-Mansiysk RUS"]
[Date "2010.10.01"]
[Round "10"]
[White "Thapa, Uttam Raj"]
[Black "Jung, Young Hoon"]
[Result "0-1"]
[WhiteElo "2029"]
[BlackElo "1923"]
[PlyCount "70"]
[EventDate "2010.09.21"]
[EventType "team"]
[EventRounds "11"]
[EventCountry "RUS"]
[Source "lmi"]
[SourceDate "2010.09.21"]
[WhiteTeam "Nepal"]
[BlackTeam "Corea"]
[WhiteTeamCountry "NEP"]
[BlackTeamCountry "KOR"]

1. d4 Nf6 2. Nf3 g6 3. c4 c5 4. d5 d6 5. Nc3 Bg7 6. e4 e6 7. Bd3 exd5 8. cxd5
O-O 9. h3 b5 10. Bxb5 Nxe4 11. Nxe4 Qa5+ 12. Nfd2 Qxb5 13. Nxd6 Qd7 14. N2c4
Ba6 15. Bf4 Bxc4 16. Nxc4 Qf5 17. Qf3 Re8+ 18. Be3 Qd3 19. Qe2 Qxd5 20. O-O Nc6
21. Rad1 Nd4 22. Qd3 Rad8 23. Kh1 Bf6 24. b3 Re4 25. Rde1 Qc6 26. Bxd4 Rdxd4
27. Qf3 Rxe1 28. Qxc6 Rxf1+ 29. Kh2 Kg7 30. Qxc5 Rxf2 31. Qxa7 Rf5 32. a4 h5
33. g3 Rf2+ 34. Kg1 Ra2 35. Ne3 Rd3 0-1

[Event "Olimpiada de Khanty-Mansiysk 2010"]
[Site "Khanty-Mansiysk RUS"]
[Date "2010.10.01"]
[Round "10"]
[White "Gemy, Jose Daniel"]
[Black "Phillips, Roy Jean-Noel"]
[Result "1/2-1/2"]
[WhiteElo "2325"]
[BlackElo "2248"]
[PlyCount "62"]
[EventDate "2010.09.21"]
[EventType "team"]
[EventRounds "11"]
[EventCountry "RUS"]
[Source "lmi"]
[SourceDate "2010.09.21"]
[WhiteTeam "Bolivia"]
[BlackTeam "Mauricio"]
[WhiteTeamCountry "BOL"]
[BlackTeamCountry "MRI"]

1. Nf3 c5 2. c4 g6 3. Nc3 Bg7 4. g3 Nc6 5. Bg2 d6 6. O-O e5 7. d3 Nge7 8. a3
O-O 9. Ne1 Be6 10. Rb1 a5 11. Nc2 d5 12. cxd5 Nxd5 13. Ne3 Nde7 14. Ne4 b6 15.
Ng5 Bd7 16. Nc4 h6 17. Ne4 Be6 18. Ned6 Ra7 19. Nb5 Rb7 20. Be3 Bd5 21. Qa4
Bxg2 22. Kxg2 Qd5+ 23. Kg1 Nf5 24. Rfc1 Nfd4 25. Bxd4 exd4 26. Qd1 Rd8 27. b3
Bf6 28. Qf1 Rdd7 29. Qg2 Bd8 30. Qxd5 Rxd5 31. h4 Rbd7 1/2-1/2

[Event "Olimpiada de Khanty-Mansiysk 2010"]
[Site "Khanty-Mansiysk RUS"]
[Date "2010.10.01"]
[Round "10"]
[White "Seegolam, Pradeep"]
[Black "Mendoza, Rodrigo"]
[Result "1/2-1/2"]
[WhiteElo "2040"]
[BlackElo "2124"]
[PlyCount "52"]
[EventDate "2010.09.21"]
[EventType "team"]
[EventRounds "11"]
[EventCountry "RUS"]
[Source "lmi"]
[SourceDate "2010.09.21"]
[WhiteTeam "Mauricio"]
[BlackTeam "Bolivia"]
[WhiteTeamCountry "MRI"]
[BlackTeamCountry "BOL"]

1. d4 d5 2. c4 c6 3. Nf3 Nf6 4. e3 a6 5. Nbd2 dxc4 6. Bxc4 e6 7. O-O Be7 8. Re1
b5 9. Bf1 Bb7 10. a4 O-O 11. e4 Nbd7 12. e5 Nd5 13. axb5 cxb5 14. Nb3 Nb4 15.
Bd2 Rc8 16. Rc1 Qb6 17. Nc5 Nxc5 18. Bxb4 Bxf3 19. Qxf3 Nd3 20. Rxc8 Rxc8 21.
Bxe7 Nxe1 22. Qe4 Qa5 23. b4 Qa1 24. Qb7 Qc1 25. Bc5 Rd8 26. Qxa6 Rb8 1/2-1/2

[Event "Olimpiada de Khanty-Mansiysk 2010"]
[Site "Khanty-Mansiysk RUS"]
[Date "2010.10.01"]
[Round "10"]
[White "Borda, Alan"]
[Black "Marie, Patrick"]
[Result "1-0"]
[WhiteElo "2164"]
[BlackElo "2146"]
[PlyCount "113"]
[EventDate "2010.09.21"]
[EventType "team"]
[EventRounds "11"]
[EventCountry "RUS"]
[Source "lmi"]
[SourceDate "2010.09.21"]
[WhiteTeam "Bolivia"]
[BlackTeam "Mauricio"]
[WhiteTeamCountry "BOL"]
[BlackTeamCountry "MRI"]

1. d4 Nf6 2. Bg5 e6 3. e4 Be7 4. Bd3 c5 5. dxc5 Qa5+ 6. c3 Qxc5 7. Be3 Qc7 8.
Nf3 b6 9. Qe2 Bb7 10. Bg5 Nc6 11. Nbd2 O-O 12. O-O Nh5 13. Bxe7 Nf4 14. Qe3
Nxe7 15. Rad1 Nxd3 16. Qxd3 d5 17. e5 Nf5 18. Rfe1 Rac8 19. g4 Ne7 20. Ng5 Ng6
21. h4 Qe7 22. Qg3 Rfd8 23. Nb3 h6 24. Nf3 Ba6 25. Nbd4 Nf8 26. g5 h5 27. Kh2
g6 28. Rg1 Nd7 29. Ne1 Nc5 30. f3 Qe8 31. Ng2 Na4 32. Rd2 Kf8 33. Nf4 Ke7 34.
Qh3 Kd7 35. Rgd1 Nc5 36. Nxd5 Qf8 37. Nb4 Kc7 38. Nxa6+ Nxa6 39. Nb5+ Kb8 40.
Nd6 Rc7 41. Qf1 Nc5 42. Qe1 Qe7 43. Qe3 Nb7 44. Rd4 Rc6 45. Qf4 Nxd6 46. Rxd6
Rcxd6 47. exd6 Qd7 48. c4 Qb7 49. b4 Rd7 50. Kg3 Qc6 51. Qd4 Kb7 52. c5 b5 53.
Kf4 a6 54. Qe4 Qxe4+ 55. fxe4 Kc6 56. Ke5 Rd8 57. d7 1-0

[Event "Olimpiada de Khanty-Mansiysk 2010"]
[Site "Khanty-Mansiysk RUS"]
[Date "2010.10.01"]
[Round "10"]
[White "Pornariyasombat, Atippat"]
[Black "Tsang, Hon Ki"]
[Result "1-0"]
[WhiteElo "2181"]
[BlackElo "2085"]
[PlyCount "105"]
[EventDate "2010.09.21"]
[EventType "team"]
[EventRounds "11"]
[EventCountry "RUS"]
[Source "lmi"]
[SourceDate "2010.09.21"]
[WhiteTeam "Tailandia"]
[BlackTeam "Hong Kong"]
[WhiteTeamCountry "THA"]
[BlackTeamCountry "HKG"]

1. e4 e5 2. Nf3 Nc6 3. d4 exd4 4. Bc4 Nf6 5. e5 Ne4 6. O-O Be7 7. c3 d5 8. Bb5
dxc3 9. Nxc3 Nxc3 10. bxc3 O-O 11. Qd3 Bg4 12. Re1 f6 13. exf6 Bxf6 14. Ba3 Ne7
15. Nd4 c6 16. Ba4 Re8 17. Bc2 Ng6 18. Qg3 Bxd4 19. Rxe8+ Qxe8 20. cxd4 Qe2 21.
Bd3 Qe6 22. Bb4 Bf5 23. Bf1 Re8 24. h4 Qf6 25. h5 Nf8 26. Rd1 h6 27. Bd6 Nd7
28. Bf4 Re4 29. Be3 Bg4 30. Rb1 b6 31. Bd3 Rxd4 32. Bxd4 Qxd4 33. Bg6 Be6 34.
Re1 Qf6 35. Qd6 Nf8 36. Qxc6 Kh8 37. Qa8 Kg8 38. Qxa7 Bf7 39. Bxf7+ Qxf7 40.
Qxb6 d4 41. Qb3 d3 42. Qxf7+ Kxf7 43. Rd1 Ne6 44. Rxd3 Nc5 45. Re3 Kf6 46. Kf1
Na4 47. a3 Kg5 48. g4 Nb2 49. f3 Nc4 50. Rc3 Nb6 51. Kf2 Na4 52. Rc6 Nb2 53.
Kg3 1-0

[Event "Olimpiada de Khanty-Mansiysk 2010"]
[Site "Khanty-Mansiysk RUS"]
[Date "2010.10.01"]
[Round "10"]
[White "Borigas, Edgardo"]
[Black "Pitirotjirathon, Jirapak"]
[Result "1/2-1/2"]
[WhiteElo "2005"]
[BlackElo "2299"]
[PlyCount "151"]
[EventDate "2010.09.21"]
[EventType "team"]
[EventRounds "11"]
[EventCountry "RUS"]
[Source "lmi"]
[SourceDate "2010.09.21"]
[WhiteTeam "Hong Kong"]
[BlackTeam "Tailandia"]
[WhiteTeamCountry "HKG"]
[BlackTeamCountry "THA"]

1. d4 e6 2. e4 d5 3. Nd2 c5 4. Ngf3 cxd4 5. exd5 Qxd5 6. Bc4 Qd6 7. Bb5+ Bd7 8.
Bxd7+ Nxd7 9. Nb3 e5 10. Qe2 O-O-O 11. Ng5 Qd5 12. c4 Qxg2 13. Rf1 Bb4+ 14. Bd2
Bxd2+ 15. Qxd2 Nh6 16. c5 f6 17. Ne6 Qe4+ 18. Qe2 Qxe2+ 19. Kxe2 Rde8 20. Nxg7
Re7 21. Nh5 Rg8 22. Rac1 Kc7 23. Rc4 Nf7 24. Rfc1 Nd8 25. Ng3 Reg7 26. Nf5 Rg1
27. R1c2 Nc6 28. Nd2 R1g2 29. Ne4 R8g4 30. Kd3 Rf4 31. b4 Rxf5 32. b5 Ne7 33.
b6+ Kb8 34. bxa7+ Kxa7 35. Ra4+ Kb8 36. Rb4 Rf3+ 37. Kc4 Rf4 38. Kd3 f5 39. Nd6
e4+ 40. Kc4 Ne5+ 41. Kb3 N7c6 42. Rxb7+ Ka8 43. Rb6 Rgxf2 44. Ne8 Na5+ 45. Ka4
Nb7 46. c6 Nxc6 47. Rcxc6 Rxa2+ 48. Kb5 Rf1 49. Ra6+ Rxa6 50. Kxa6 Kb8 51. Nf6
Ra1+ 52. Kb6 Rb1+ 53. Ka6 Nc5+ 54. Rxc5 Rb7 55. Rxf5 Re7 56. Nd5 Re6+ 57. Kb5
e3 58. Nf4 e2 59. Nd3 Re3 60. Kb6 Kc8 61. Kc6 Kd8 62. Kd6 e1=Q 63. Nxe1 Rxe1
64. Rd5 Rh1 65. Rxd4 Rxh2 66. Rg4 Ke8 67. Ke6 Kf8 68. Kf6 Rf2+ 69. Ke6 Rf1 70.
Ke5 Rh1 71. Kf6 Rf1+ 72. Ke5 Ra1 73. Kf6 Ra6+ 74. Kf5 Kf7 75. Kg5 Ra5+ 76. Kh6
1/2-1/2

[Event "Olimpiada de Khanty-Mansiysk 2010"]
[Site "Khanty-Mansiysk RUS"]
[Date "2010.10.01"]
[Round "10"]
[White "Kongsee, Uaychai"]
[Black "Lee, T H Bryan"]
[Result "1-0"]
[WhiteElo "2235"]
[BlackElo "1935"]
[PlyCount "81"]
[EventDate "2010.09.21"]
[EventType "team"]
[EventRounds "11"]
[EventCountry "RUS"]
[Source "lmi"]
[SourceDate "2010.09.21"]
[WhiteTeam "Tailandia"]
[BlackTeam "Hong Kong"]
[WhiteTeamCountry "THA"]
[BlackTeamCountry "HKG"]

1. e4 c5 2. Nf3 d6 3. d4 cxd4 4. Nxd4 Nf6 5. Nc3 g6 6. Be3 Bg7 7. f3 O-O 8. Qd2
Nc6 9. Bc4 Bd7 10. O-O-O Rc8 11. Bb3 Ne5 12. h4 Nc4 13. Bxc4 Rxc4 14. h5 Nxh5
15. g4 Nf6 16. Kb1 Re8 17. b3 Rc8 18. Nd5 e6 19. Nxf6+ Qxf6 20. Qh2 Rc3 21.
Qxh7+ Kf8 22. Bh6 Bxh6 23. Qxh6+ Qg7 24. Qd2 Rec8 25. Rh2 Kg8 26. Rdh1 a6 27.
f4 f6 28. f5 exf5 29. Rh8+ Qxh8 30. Rxh8+ Kxh8 31. Qh6+ Kg8 32. Qxg6+ Kf8 33.
Qxf6+ Kg8 34. Qg6+ Kh8 35. Qh6+ Kg8 36. exf5 Rg3 37. Qg6+ Kh8 38. g5 Rg1+ 39.
Kb2 Rh1 40. Qxd6 Bb5 41. Qf6+ 1-0

[Event "Olimpiada de Khanty-Mansiysk 2010"]
[Site "Khanty-Mansiysk RUS"]
[Date "2010.10.01"]
[Round "10"]
[White "Kuan, Julian"]
[Black "Teerapabpaisit, Wisuwat"]
[Result "0-1"]
[WhiteElo "1760"]
[BlackElo "2310"]
[PlyCount "62"]
[EventDate "2010.09.21"]
[EventType "team"]
[EventRounds "11"]
[EventCountry "RUS"]
[Source "lmi"]
[SourceDate "2010.09.21"]
[WhiteTeam "Hong Kong"]
[BlackTeam "Tailandia"]
[WhiteTeamCountry "HKG"]
[BlackTeamCountry "THA"]

1. e4 c5 2. Nf3 e6 3. d4 cxd4 4. Nxd4 a6 5. Bd3 Nf6 6. Qe2 d6 7. O-O Nbd7 8. f4
Qb6 9. Be3 Qc7 10. Nc3 b5 11. a3 Be7 12. Rad1 Bb7 13. Bf2 Rg8 14. f5 e5 15. Nb3
g6 16. Bg3 g5 17. h3 g4 18. h4 Nh5 19. Qe3 Nxg3 20. Qxg3 Qb6+ 21. Kh1 Qd8 22.
Nd5 Bxh4 23. Qh2 Bxd5 24. exd5 Bg5 25. g3 Nf6 26. Qg2 Qb6 27. Be4 Be3 28. Rfe1
Rg5 29. Qe2 Nxe4 30. Qxe3 Qxe3 31. Rxe3 Nf2+ 0-1

[Event "Olimpiada de Khanty-Mansiysk 2010"]
[Site "Khanty-Mansiysk RUS"]
[Date "2010.10.01"]
[Round "10"]
[White "Khetho, Phemelo"]
[Black "Kojima, Shinya"]
[Result "0-1"]
[WhiteElo "2266"]
[BlackElo "2334"]
[PlyCount "90"]
[EventDate "2010.09.21"]
[EventType "team"]
[EventRounds "11"]
[EventCountry "RUS"]
[Source "lmi"]
[SourceDate "2010.09.21"]
[WhiteTeam "Botswana"]
[BlackTeam "Japón"]
[WhiteTeamCountry "BOT"]
[BlackTeamCountry "JPN"]

1. e4 c6 2. d4 d5 3. exd5 cxd5 4. c4 Nf6 5. Nc3 Nc6 6. Bg5 dxc4 7. Bxc4 h6 8.
Bf4 e6 9. Nf3 Bd6 10. Ne5 O-O 11. O-O Ne7 12. Qf3 Ned5 13. Bg3 a6 14. Rfd1 Nxc3
15. bxc3 Qc7 16. Bb3 b6 17. Ng4 Nxg4 18. Bxd6 Qxd6 19. Qxa8 Qxh2+ 20. Kf1 Qf4
21. Ke2 Qxf2+ 22. Kd3 Ne5+ 23. dxe5 Rd8+ 24. Ke4 Qxg2+ 25. Ke3 Qxa8 26. Rxd8+
Kh7 27. Bc2+ g6 28. Rf1 Qb7 29. Bxg6+ fxg6 30. Rff8 Qg7 31. Rxc8 Qxe5+ 32. Kf3
h5 33. Rf7+ Kh6 34. c4 Qe1 35. Kg2 h4 36. Rcf8 Qg3+ 37. Kh1 e5 38. Rf2 e4 39.
Rg2 Qe5 40. Rg8 Qf6 41. Re8 Qf3 42. Rh8+ Kg7 43. Rxh4 e3 44. Rhg4 e2 45. Kh2
Qxg2+ 0-1

[Event "Olimpiada de Khanty-Mansiysk 2010"]
[Site "Khanty-Mansiysk RUS"]
[Date "2010.10.01"]
[Round "10"]
[White "Nanjo, Ryosuke"]
[Black "Oatlhotse, Providence"]
[Result "1/2-1/2"]
[WhiteElo "2257"]
[BlackElo "2213"]
[PlyCount "224"]
[EventDate "2010.09.21"]
[EventType "team"]
[EventRounds "11"]
[EventCountry "RUS"]
[Source "lmi"]
[SourceDate "2010.09.21"]
[WhiteTeam "Japón"]
[BlackTeam "Botswana"]
[WhiteTeamCountry "JPN"]
[BlackTeamCountry "BOT"]

1. d4 d5 2. c4 c6 3. Nf3 Nf6 4. e3 Bf5 5. cxd5 cxd5 6. Qb3 Qc8 7. Bd2 e6 8.
Bb5+ Nc6 9. O-O Bd6 10. Bb4 Qc7 11. Nbd2 O-O 12. Bxc6 Bxb4 13. Qxb4 Qxc6 14.
Rfc1 Qa6 15. Rc3 b6 16. Rac1 Rac8 17. a3 Rxc3 18. Qxc3 Qe2 19. h3 h6 20. Ne5 a5
21. f3 h5 22. h4 g5 23. hxg5 h4 24. Nf1 Nh7 25. Qd2 Qxd2 26. Nxd2 Nxg5 27. Nd7
Rd8 28. Nxb6 Kg7 29. Kf2 Rb8 30. Na4 e5 31. dxe5 Bd7 32. b3 Bxa4 33. bxa4 Rb2
34. Ke1 Ne6 35. Ke2 Ra2 36. Rh1 Nc5 37. Rb1 Nxa4 38. Rb3 Nc5 39. Rc3 Ne6 40.
Rd3 d4 41. f4 Kg6 42. Kf3 dxe3 43. Kxe3 Kf5 44. Nf3 Nxf4 45. Nxh4+ Kg4 46. Rb3
a4 47. Rb4 Re2+ 48. Kd4 Kxh4 49. Rxa4 Kg5 50. Ra7 Kg6 51. g3 Ne6+ 52. Kd5 Rd2+
53. Kc6 Rc2+ 54. Kd7 Rc5 55. Kd6 Rc3 56. a4 Rxg3 57. a5 Rd3+ 58. Kc6 Nd8+ 59.
Kc5 Re3 60. Re7 Ra3 61. Kb6 Rxa5 62. Rxf7 Rxe5 63. Rd7 Nf7 64. Rc7 Kf6 65. Rc5
Re4 66. Rd5 Ke6 67. Kc5 Ra4 68. Rd4 Ra5+ 69. Kb4 Re5 70. Kc3 Nd6 71. Kd3 Rh5
72. Rf4 Kd5 73. Rf3 Rh4 74. Ke2 Nc4 75. Kf2 Ke4 76. Kg3 Rh8 77. Rf4+ Kd3 78.
Kg4 Ne3+ 79. Kg5 Rg8+ 80. Kf6 Rf8+ 81. Kg5 Rg8+ 82. Kf6 Ra8 83. Ke5 Ra5+ 84.
Ke6 Ra6+ 85. Ke5 Nc4+ 86. Kf5 Ra5+ 87. Ke6 Nd2 88. Rh4 Ne4 89. Kd7 Kd4 90. Kc6
Rc5+ 91. Kb6 Re5 92. Kc6 Re6+ 93. Kc7 Re5 94. Kc6 Rd5 95. Rh7 Rc5+ 96. Kb6 Rd5
97. Kc6 Rd6+ 98. Kc7 Rg6 99. Rd7+ Kc5 100. Rd1 Rg7+ 101. Rd7 Rg6 102. Rd1 Nd6
103. Rc1+ Nc4 104. Kd7 Rd6+ 105. Ke7 Ra6 106. Kd7 Rd6+ 107. Ke7 Rd5 108. Ke6
Rh5 109. Kf6 Kd4 110. Rd1+ Ke4 111. Re1+ Ne3 112. Ke6 Rh6+ 1/2-1/2

[Event "Olimpiada de Khanty-Mansiysk 2010"]
[Site "Khanty-Mansiysk RUS"]
[Date "2010.10.01"]
[Round "10"]
[White "Njobvu, Ignatius"]
[Black "Yamada, Kohei"]
[Result "1/2-1/2"]
[WhiteElo "2217"]
[BlackElo "2071"]
[PlyCount "109"]
[EventDate "2010.09.21"]
[EventType "team"]
[EventRounds "11"]
[EventCountry "RUS"]
[Source "lmi"]
[SourceDate "2010.09.21"]
[WhiteTeam "Botswana"]
[BlackTeam "Japón"]
[WhiteTeamCountry "BOT"]
[BlackTeamCountry "JPN"]

1. d4 d5 2. c4 c6 3. Nf3 Nf6 4. Qc2 g6 5. e3 Bf5 6. Bd3 Bxd3 7. Qxd3 Bg7 8. Nc3
Nbd7 9. cxd5 cxd5 10. Qb5 e6 11. Qxb7 O-O 12. Qa6 Qb8 13. O-O Rc8 14. Qd3 Qb7
15. b3 Ne4 16. Bb2 a5 17. Na4 Rc6 18. Nd2 Nb6 19. Nc3 Nxd2 20. Qxd2 a4 21. Rab1
axb3 22. axb3 Nd7 23. Bc1 Rb6 24. Qc2 Rb8 25. Ba3 Bf8 26. Bxf8 Kxf8 27. Na4
Rxb3 28. Rxb3 Qxb3 29. Qc6 Qb5 30. Qd6+ Kg8 31. Nc3 Qb4 32. Qc7 Qb7 33. Qf4 Rc8
34. Ne2 Qb2 35. Ng3 Rc1 36. h4 Rxf1+ 37. Nxf1 Qe2 38. Ng3 Qd1+ 39. Kh2 h5 40.
f3 Nf8 41. Qf6 Nh7 42. Qe5 Qe1 43. e4 dxe4 44. fxe4 Qe3 45. Kh3 Nf8 46. Qd6 g5
47. d5 e5 48. hxg5 Qxg5 49. Nf5 Ng6 50. Kh2 Qf4+ 51. Kg1 Qc1+ 52. Kh2 Qf4+ 53.
Kh3 Qg4+ 54. Kh2 Qf4+ 55. Kg1 1/2-1/2

[Event "Olimpiada de Khanty-Mansiysk 2010"]
[Site "Khanty-Mansiysk RUS"]
[Date "2010.10.01"]
[Round "10"]
[White "Nakamura, Ryuji"]
[Black "Gumpo, Thabo"]
[Result "1-0"]
[WhiteElo "2187"]
[BlackElo "1945"]
[PlyCount "83"]
[EventDate "2010.09.21"]
[EventType "team"]
[EventRounds "11"]
[EventCountry "RUS"]
[Source "lmi"]
[SourceDate "2010.09.21"]
[WhiteTeam "Japón"]
[BlackTeam "Botswana"]
[WhiteTeamCountry "JPN"]
[BlackTeamCountry "BOT"]

1. d4 d5 2. c4 e6 3. Nc3 Nf6 4. cxd5 exd5 5. Bg5 Nbd7 6. e3 Be7 7. Qc2 O-O 8.
Bd3 h6 9. Bh4 c5 10. Nf3 a6 11. O-O b5 12. dxc5 Nxc5 13. Nd4 Be6 14. Rac1 Rc8
15. Qd1 Nfd7 16. Bxe7 Qxe7 17. Be2 Nf6 18. Bf3 Nce4 19. Nce2 Rxc1 20. Nxc1 Qb4
21. Nd3 Qa5 22. a3 Nd2 23. Re1 Nxf3+ 24. gxf3 Qd8 25. Kh1 Nh7 26. Rg1 Kh8 27.
Nxe6 fxe6 28. Nf4 Rf6 29. Nh5 Rf7 30. Qd4 Qc7 31. f4 Qb7 32. Rg6 Qe7 33. b4 Kg8
34. Qe5 Nf6 35. Nxg7 Kh7 36. f5 Rxg7 37. Rxf6 Qb7 38. fxe6 d4+ 39. e4 Qc6 40.
Qf5+ Kh8 41. Rf8+ Rg8 42. Qf6+ 1-0

[Event "Olimpiada de Khanty-Mansiysk 2010"]
[Site "Khanty-Mansiysk RUS"]
[Date "2010.10.01"]
[Round "10"]
[White "Erikson, Roberto"]
[Black "Grassi, Enrico"]
[Result "1-0"]
[WhiteElo "2252"]
[BlackElo "2053"]
[PlyCount "89"]
[EventDate "2010.09.21"]
[EventType "team"]
[EventRounds "11"]
[EventCountry "RUS"]
[Source "lmi"]
[SourceDate "2010.09.21"]
[WhiteTeam "Angola"]
[BlackTeam "San Marino"]
[WhiteTeamCountry "ANG"]
[BlackTeamCountry "SMR"]

1. Nf3 Nf6 2. g3 g6 3. Bg2 Bg7 4. d4 O-O 5. c4 c5 6. O-O cxd4 7. Nxd4 Nc6 8.
Nc3 Qb6 9. Nb3 d6 10. Nd5 Nxd5 11. cxd5 Ne5 12. Be3 Qa6 13. Bd4 Bd7 14. f4 Nc4
15. Bxg7 Kxg7 16. Qd4+ Kg8 17. e4 Rac8 18. Rfc1 Qb6 19. Qxb6 Nxb6 20. Na5 Na4
21. b3 Nc5 22. Rc3 Rb8 23. b4 Na6 24. a3 Rfc8 25. Rac1 Rxc3 26. Rxc3 Rc8 27.
Rxc8+ Bxc8 28. Bf1 Nc7 29. Kf2 Kf8 30. b5 Na8 31. Nc4 Nb6 32. Nxb6 axb6 33. e5
Bf5 34. Ke3 Bc2 35. Bh3 Ke8 36. exd6 exd6 37. Bc8 Ba4 38. Bxb7 Bxb5 39. Bc6+
Bxc6 40. dxc6 Kd8 41. Kd4 Kc7 42. Kd5 b5 43. g4 h6 44. g5 hxg5 45. fxg5 1-0

[Event "Olimpiada de Khanty-Mansiysk 2010"]
[Site "Khanty-Mansiysk RUS"]
[Date "2010.10.01"]
[Round "10"]
[White "Cecchetti, Roberto"]
[Black "Pascoal, Eduardo A"]
[Result "0-1"]
[WhiteElo "1930"]
[BlackElo "2205"]
[PlyCount "106"]
[EventDate "2010.09.21"]
[EventType "team"]
[EventRounds "11"]
[EventCountry "RUS"]
[Source "lmi"]
[SourceDate "2010.09.21"]
[WhiteTeam "San Marino"]
[BlackTeam "Angola"]
[WhiteTeamCountry "SMR"]
[BlackTeamCountry "ANG"]

1. d4 Nf6 2. Nf3 e6 3. e3 d5 4. Bd3 Nbd7 5. O-O Bd6 6. Nbd2 O-O 7. e4 dxe4 8.
Nxe4 Be7 9. Ne5 Nxe4 10. Nxd7 Bxd7 11. Bxe4 Bc6 12. Bxc6 bxc6 13. c3 c5 14. Be3
cxd4 15. Bxd4 c5 16. Be3 Qc7 17. Qc2 Rfd8 18. Rad1 Qb7 19. Bc1 Qa6 20. b3 Bf6
21. Be3 Qa5 22. c4 h6 23. g3 a6 24. Rfe1 Bd4 25. Re2 Bxe3 26. fxe3 Rxd1+ 27.
Qxd1 Rd8 28. Qc2 Qc7 29. Rd2 Rxd2 30. Qxd2 Qe5 31. Qe2 Qe4 32. Qf2 h5 33. Qd2
Kh7 34. h4 f5 35. Qf2 e5 36. Kh2 Qd3 37. Kg1 Kh6 38. Kg2 g5 39. hxg5+ Kxg5 40.
Kh2 Kg4 41. Kg1 a5 42. Kg2 Qe4+ 43. Kh2 Qf3 44. Qe1 e4 45. a3 Kg5 46. Qxa5 Qf2+
47. Kh3 Qf1+ 48. Kh2 Kg4 49. Qd2 Qh3+ 50. Kg1 Qxg3+ 51. Qg2 f4 52. exf4 e3 53.
Qxg3+ Kxg3 0-1

[Event "Olimpiada de Khanty-Mansiysk 2010"]
[Site "Khanty-Mansiysk RUS"]
[Date "2010.10.01"]
[Round "10"]
[White "Domingos, Ediberto"]
[Black "Righi, Ezio"]
[Result "1-0"]
[WhiteElo "2186"]
[BlackElo "2116"]
[PlyCount "67"]
[EventDate "2010.09.21"]
[EventType "team"]
[EventRounds "11"]
[EventCountry "RUS"]
[Source "lmi"]
[SourceDate "2010.09.21"]
[WhiteTeam "Angola"]
[BlackTeam "San Marino"]
[WhiteTeamCountry "ANG"]
[BlackTeamCountry "SMR"]

1. d4 c5 2. e3 e6 3. Nf3 Nf6 4. c4 d5 5. Nc3 Nc6 6. a3 cxd4 7. exd4 Be7 8. Be2
O-O 9. O-O a6 10. c5 Ne4 11. Na4 e5 12. Nxe5 Nxe5 13. dxe5 Nxc5 14. Be3 Nxa4
15. Qxa4 Be6 16. f4 b5 17. Qd4 Qd7 18. Bf3 Rac8 19. Rac1 Rc4 20. Qb6 d4 21.
Rxc4 Bxc4 22. Rd1 d3 23. Qxa6 Rd8 24. Be4 Qc7 25. Qb6 Qxb6 26. Bxb6 Rb8 27. Be3
Rd8 28. b4 h6 29. Bb6 Rb8 30. Bc7 Rc8 31. Bd6 Bxd6 32. exd6 Rd8 33. Bxd3 Rxd6
34. Bh7+ 1-0

[Event "Olimpiada de Khanty-Mansiysk 2010"]
[Site "Khanty-Mansiysk RUS"]
[Date "2010.10.01"]
[Round "10"]
[White "Volpinari, Danilo"]
[Black "Agnelo, Amorin"]
[Result "0-1"]
[WhiteElo "2054"]
[BlackElo "2172"]
[PlyCount "50"]
[EventDate "2010.09.21"]
[EventType "team"]
[EventRounds "11"]
[EventCountry "RUS"]
[Source "lmi"]
[SourceDate "2010.09.21"]
[WhiteTeam "San Marino"]
[BlackTeam "Angola"]
[WhiteTeamCountry "SMR"]
[BlackTeamCountry "ANG"]

1. e4 c5 2. Nf3 d6 3. d4 cxd4 4. Nxd4 Nf6 5. Nc3 a6 6. Be2 e6 7. O-O Be7 8. f4
Qc7 9. Be3 Nc6 10. Qe1 O-O 11. Rd1 Bd7 12. Qg3 Rac8 13. e5 dxe5 14. Nxc6 Bxc6
15. fxe5 Ne8 16. Bd3 g6 17. Rd2 Ng7 18. Kh1 Nh5 19. Qf2 Qxe5 20. Bd4 Qg5 21.
Ne4 Qh4 22. Qe3 Bxe4 23. Bxe4 Bg5 24. Qf2 Qxe4 25. Re2 Qf4 0-1